header

Patterns of migration in Central Europe (Record no. 179199)

MARC details
000 -LEADER
fixed length control field 01257nam a22003014a 4500
082 04 - DEWEY DECIMAL CLASSIFICATION NUMBER
Classification number 304.8/2/0943
245 00 - TITLE STATEMENT
Title Patterns of migration in Central Europe
260 ## - PUBLICATION, DISTRIBUTION, ETC. (IMPRINT)
Place of publication Houndmills, Basingstoke, Hampshire ;
-- New York, N.Y. :
Name of publisher Palgrave,
Year of publication 2001.
300 ## - PHYSICAL DESCRIPTION
Number of Pages xix, 301 p. :
Other physical details ill., map.
700 1# - ADDED ENTRY--PERSONAL NAME
Personal name Wallace, Claire.
Personal name Stola, Dariusz,
856 40 - ELECTRONIC LOCATION AND ACCESS
Uniform Resource Identifier http://site.ebrary.com/lib/rucke/Doc?id=10044070

No items available.

© 2026 Rongo University
Contact us: librarian | system librarian | Rongo university